Statistics for All Country Flags with Words

Click here to take the quiz!

General Stats

  • This quiz has been taken 28 times
  • The average score is 14 of 17

Answer Stats

Answer% Correct
Brazil
100%
Saudi Arabia
100%
Spain
96%
Iraq
92%
Egypt
88%
Malta
88%
San Marino
88%
Dominican Republic
85%
Afghanistan
77%
Belize
77%
Brunei
77%
Nicaragua
77%
El Salvador
73%
Guatemala
73%
Haiti
73%
Paraguay
69%
Equatorial Guinea
65%

Score Distribution

Percentile by Number Answered

Percent of People with Each Score

Your Score History

You have not taken this quiz